000 00499nam a2200169 i 4500
001 68119
003 ES-MaACL
005 20240302062939.0
007 t|
008 040610s1959 sp ||||1| spa d
100 0 _aGaos, Vicente,
_d1919-1980
_953906
245 1 0 _aTemas y problemas de literatura espaƱola /
_cVicente Gaos.
260 _aMadrid :
_bGuadarrama,
_c1959 (
_fCastilla)
300 _a359 p. ;
_c19 cm.
852 _aES-MaACL
_jC-16301
_bR.44651
999 _c68119
_d68119